Divergent marijuana trajectories among men: Socioeconomic, relationship, and life satisfaction outcomes in the mid-30s

Saved in:  
Bibliographic Details
Authors: White, Helene Raskin 1949- (Author) ; Pardini, Dustin (Author) ; Loeber, Rolf 1942-2017 (Author) ; Bechtold, Jordan (Author)
Format: Electronic Article
Language:English
Published: 2015
In: Drug and alcohol dependence
Year: 2015, Volume: 156, Pages: 62-69
Online Access: Volltext (kostenfrei)
Check availability: HBZ Gateway

MARC

LEADER 00000caa a22000002c 4500
001 1912516675
003 DE-627
005 20250115054943.0
007 cr uuu---uuuuu
008 241217s2015 xx |||||o 00| ||eng c
024 7 |a 10.1016/j.drugalcdep.2015.08.031  |2 doi 
035 |a (DE-627)1912516675 
035 |a (DE-599)KXP1912516675 
040 |a DE-627  |b ger  |c DE-627  |e rda 
041 |a eng 
084 |a 2,1  |2 ssgn 
100 1 |a White, Helene Raskin  |d 1949-  |e VerfasserIn  |0 (DE-588)101966648X  |0 (DE-627)690989113  |0 (DE-576)356369757  |4 aut 
109 |a White, Helene Raskin 1949-  |a White, Helene R. 1949- 
245 1 0 |a Divergent marijuana trajectories among men: Socioeconomic, relationship, and life satisfaction outcomes in the mid-30s 
264 1 |c 2015 
336 |a Text  |b txt  |2 rdacontent 
337 |a Computermedien  |b c  |2 rdamedia 
338 |a Online-Ressource  |b cr  |2 rdacarrier 
700 1 |a Pardini, Dustin  |e VerfasserIn  |4 aut 
700 1 |a Loeber, Rolf  |d 1942-2017  |e VerfasserIn  |0 (DE-588)1024418804  |0 (DE-627)719842913  |0 (DE-576)16933886X  |4 aut 
700 1 |a Bechtold, Jordan  |e VerfasserIn  |4 aut 
773 0 8 |i Enthalten in  |t Drug and alcohol dependence  |d Amsterdam [u.a.] : Elsevier Science, 1975  |g 156(2015), Seite 62-69  |h Online-Ressource  |w (DE-627)320441059  |w (DE-600)2004927-4  |w (DE-576)252887816  |x 1879-0046  |7 nnas 
773 1 8 |g volume:156  |g year:2015  |g pages:62-69 
787 0 8 |i Forschungsdaten  |a Loeber, Rolf  |t Pittsburgh Youth Study Oldest Sample (1987 - 2000) (Pittsburgh, Pennsylvania)  |d [Erscheinungsort nicht ermittelbar] : [Verlag nicht ermittelbar], 2016  |w (DE-627)1840043458 
856 |u https://www.ncbi.nlm.nih.gov/pmc/articles/4936395  |x unpaywall  |z Vermutlich kostenfreier Zugang  |h repository [deprecated] 
856 4 0 |u https://doi.org/10.1016/j.drugalcdep.2015.08.031  |x Resolving-System  |z kostenfrei  |3 Volltext  |7 0 
935 |a mkri 
951 |a AR 
ELC |a 1 
LOK |0 000 xxxxxcx a22 zn 4500 
LOK |0 001 4637482178 
LOK |0 003 DE-627 
LOK |0 004 1912516675 
LOK |0 005 20241217044333 
LOK |0 008 241217||||||||||||||||ger||||||| 
LOK |0 035   |a (DE-2619)ICPSR143834 
LOK |0 040   |a DE-2619  |c DE-627  |d DE-2619 
LOK |0 092   |o n 
LOK |0 852   |a DE-2619 
LOK |0 852 1  |9 00 
LOK |0 935   |a nacp 
LOK |0 939   |a 17-12-24  |b l01 
OAS |a 1 
ORI |a SA-MARC-krimdoka001.raw